[Event "TCh-ESP Final"]
[Site "Lugo ESP"]
[Date "2006.11.03"]
[Round "1"]
[White "Rustemov,A"]
[Black "Sargissian,G"]
[Result "1/2-1/2"]
[WhiteElo "2552"]
[BlackElo "2667"]
[EventDate "2006.11.03"]

1. c4 Nf6 2. d4 e6 3. g3 d5 4. Bg2 Bb4+ 5. Bd2 Be7 6. Nf3 O-O 7. O-O c6 8.
Qb3 b6 9. Nc3 Bb7 10. Rac1 Nbd7 11. cxd5 cxd5 12. Rc2 Rc8 13. Rfc1 a6 14.
Nd1 Rxc2 15. Rxc2 Qa8 16. Bb4 Bxb4 17. Qxb4 Rc8 18. Qd2 Ne4 19. Qc1 Rxc2
20. Qxc2 Qc8 21. Ne1 Nd6 22. Qxc8+ Bxc8 23. f3 a5 24. Kf2 Ba6 25. Nc2 g5
26. Nc3 f5 27. b3 Kf7 28. Ke3 Ke7 29. Kd2 h6 30. Ke3 1/2-1/2

[Event "TCh-ESP Final"]
[Site "Lugo ESP"]
[Date "2006.11.03"]
[Round "1"]
[White "Del Rio Angelis,S"]
[Black "Perez Candelario,Man"]
[Result "1/2-1/2"]
[WhiteElo "2492"]
[BlackElo "2496"]
[EventDate "2006.11.03"]

1. e4 c5 2. Nf3 e6 3. d4 cxd4 4. Nxd4 Nc6 5. Nb5 d6 6. c4 Nf6 7. N1c3 a6 8.
Na3 Be7 9. Be2 O-O 10. O-O b6 11. Be3 Bb7 12. Rc1 Ne5 13. Qd4 Ned7 14. f3
Re8 15. Nc2 Qc7 16. Kh1 Rad8 17. Rfd1 Qb8 18. Qd2 d5 19. cxd5 exd5 20. Bf4
Ne5 21. exd5 Nxd5 22. Nxd5 Rxd5 23. Qe1 Rxd1 1/2-1/2